00778cam a22002291a 4500001001300000003000400013005001700017008004100034010001700075035002000092040001800112042001200130050001600142100002200158245005200180260004900232300002000281440003200301500017700333651002100510999001700531ca 24000719 DLC20260227111113.0840306s1924 ksu 000 0 eng  aca 24000719  a(OCoLC)10491542 aDLCcKPTdDLC apremarc00aF1234b.P231 aParker, Kermet E.12aA history of modern Mexico /cKermet E. Parker. aGirard, Kan. :bHaldeman-Julius Co.,cc1924. a64 p. ;c13 cm. 0aLittle blue book ;vno. 596 aPublished 18 April 1924; copies deposited at Library of Congress 25 April 1924; copyright renewed 15 February 1952. Advertised 19 April 1924, Haldeman-Julius Weekly, p. 1. 0aMexicoxHistory. c15848d15848